000
00328nam a22001337a 4500
008
180125b xxu||||| |||| 00| 0 eng d
020
_a
9780073526386
041
_a
eng
080
_a
32
100
_a
19
101
_a
POL
245
_a
An introduction to american government a more perfect union
_c
Harrison,B
942
_2
udc
_c
BK
999
_c
40946
_d
40946